| 000 | 00569 a2200193 4500 | ||
|---|---|---|---|
| 005 | 20250506074712.0 | ||
| 020 | _a9788177544008 | ||
| 050 |
_aSB123 _bGEH 2010 |
||
| 100 |
_aGehlot, Dushyent _eauthor |
||
| 245 |
_aOrganic farming : _bcomponents and management / _cDushyent Gehlot |
||
| 264 |
_aNew Delhi : _bAgrobios, _c2010 |
||
| 300 | _a401 pages : | ||
| 336 |
_2rdacontent _atext _btxt |
||
| 337 |
_2rdamedia _aunmediated _bn |
||
| 338 |
_2rdacarrier _avolume _bnc |
||
| 500 | _aIncludes index | ||
| 650 |
_aOrganic farming _xManagement |
||
| 942 |
_2lcc _cBK _h123 _iGEH _kSB |
||
| 999 |
_c5735 _d5735 |
||